Sourcing hardware : (Record no. 86596)

MARC details
000 -LEADER
fixed length control field 00668nas a22001937a 4500
005 - DATE AND TIME OF LATEST TRANSACTION
control field 20140708130334.0
006 - FIXED-LENGTH DATA ELEMENTS--ADDITIONAL MATERIAL CHARACTERISTICS--GENERAL INFORMATION
fixed length control field a|||||r|||| 00| 0
007 - PHYSICAL DESCRIPTION FIXED FIELD--GENERAL INFORMATION
fixed length control field ta
008 - FIXED-LENGTH DATA ELEMENTS--GENERAL INFORMATION
fixed length control field 140708b xxu||||| |||| 00| 0 eng d
245 ## - TITLE STATEMENT
Title Sourcing hardware :
Remainder of title for a complete building products business /
Statement of responsibility, etc edited by Deepak Gupta
260 ## - PUBLICATION, DISTRIBUTION, ETC. (IMPRINT)
Place of publication, distribution, etc New Delhi
Name of publisher, distributor, etc Barcecorp Publications
Date of publication, distribution, etc 2014-
300 ## - PHYSICAL DESCRIPTION
Extent v.
Dimensions 28 cm (Pbk)
310 ## - CURRENT PUBLICATION FREQUENCY
Current publication frequency Bi-monthly
362 ## - DATES OF PUBLICATION AND/OR SEQUENTIAL DESIGNATION
Dates of publication and/or sequential designation Vol 17 issue 101 Jan-Feb 2014
700 ## - ADDED ENTRY--PERSONAL NAME
Personal name Gupta, Deepak, ed.
856 ## - ELECTRONIC LOCATION AND ACCESS
Uniform Resource Identifier <a href="www.sourcingharware.net">www.sourcingharware.net</a>
270 ## - ADDRESS
Address C-2/6, Safdarjung Development area,
Country New Delhi
Postal code 110016
Telephone number 011-26961841, 26862826
Electronic mail address info@bracecorp.net
942 ## - ADDED ENTRY ELEMENTS (KOHA)
Source of classification or shelving scheme Dewey Decimal Classification
Item type Periodicals
Serial record 1
Holdings
Withdrawn status Lost status Source of classification or shelving scheme Damaged status Not for loan Collection code Home library Current library Date acquired Total Checkouts Date last seen Price effective from Koha item type
    Dewey Decimal Classification   Not For Loan Non-fiction D.B.Act.Division D.B.Act.Division 08/07/2014   08/07/2014 08/07/2014 Periodicals

© Delhi Public Library
Hit Counter
free hit counter